Voprosy leksikografii naučnyj žurnal
Guardado en:
| Formato: | Seriadas |
|---|---|
| Lenguaje: | inglés ruso |
| Publicado: |
Tomsk
Tomskij gosudarstvennyj universitet
|
| Etiquetas: |
Sin Etiquetas, Sea el primero en etiquetar este registro!
|
MARC
| LEADER | 00000nas1a2200000 4500 | ||
|---|---|---|---|
| 001 | 0295576 | ||
| 005 | 20250701092114.3 | ||
| 022 | |a 2227-4200 | ||
| 022 | |a 2311-3758 | ||
| 041 | 0 | |a eng | |
| 041 | 0 | |a rus | |
| 044 | |a RU | ||
| 245 | 1 | 0 | |a Voprosy leksikografii |b naučnyj žurnal |
| 264 | 1 | |a Tomsk |b Tomskij gosudarstvennyj universitet | |